Las cárceles de Edimburgo / (Record no. 165035)

MARC details
000 -LEADER
campo de control de longitud fija 00783nam a2200193 i 4500
001 - NÚMERO DE CONTROL
campo de control 165035
003 - IDENTIFICADOR DE NÚMERO DE CONTROL
campo de control ES-MaACL
005 - FECHA Y HORA DE LA ÚLTIMA TRANSACCIÓN
campo de control 20251003063147.0
008 - DATOS DE LONGITUD FIJA--INFORMACIÓN GENERAL
campo de control de longitud fija 950206n1831 sp |||| | spa d
100 1# - ENTRADA PRINCIPAL--NOMBRE DE PERSONA
Nombre de persona Scott, Walter,
Títulos y otros términos asociados al nombre Sir,
Fechas asociadas al nombre 1771-1832
9 (RLIN) 104957
245 14 - MENCIÓN DEL TÍTULO
Título Las cárceles de Edimburgo /
Mención de responsabilidad, etc. por Walter Scott.
260 ## - PUBLICACIÓN, DISTRIBUCIÓN, ETC.
Lugar de publicación, distribución, etc. Madrid :
Nombre del editor, distribuidor, etc. Oficina de Moreno,
Fecha de publicación, distribución, etc. 1831.
300 ## - DESCRIPCIÓN FÍSICA
Extensión 4 v. ;
Dimensiones 15 cm.
490 1# - MENCIÓN DE SERIE
Mención de serie Nueva colección de novelas de Sir Walter Scott / traducidas por una sociedad de literatos ;
Designación de volumen o secuencia 9-12
597 ## - NOTA DE DESCRIPCIÓN FÍSICA
NOTA DE DESCRIPCIÓN FÍSICA T.I (223 p.) - T.II (218 p.) - T.III (211 p.) - T.IV (227 p.)
830 0# - PUNTO DE ACCESO ADICIONAL DE SERIE-TÍTULO UNIFORME
Título uniforme Nueva colección de novelas de Sir Walter Scott
Designación de volumen o secuencia 9-12
9 (RLIN) 222402
852 ## - LOCALIZACIÓN
Ubicación ES-MaACL
Número de control de estantería R-1944-47
Nota libre - Enc. pasta española. Olim: D-3345-8.
Holdings
Estatus retirado Estado de pérdida Estado de daño No para préstamo Colección Biblioteca de origen Biblioteca actual Ubicación en estantería Fecha de adquisición Total de préstamos Signatura topográfica completa Código de barras Visto por última vez Precio de reemplazo Tipo de ítem Koha
        Libros del s. XIX Biblioteca del Ateneo de Madrid Biblioteca del Ateneo de Madrid Depósito 17/01/2008   R-1944-47 1173005 23/02/2023 23/02/2023 Libro impreso antiguo